[Event "AUTO-INT-1623"]
[Site "http://www.queenalice.com/game.php?id=738001"]
[Date "2010.2.26"]
[Round "1"]
[White "geosus"]
[Black "limone_br"]
[Result "1-0"]
[WhiteElo "1550"]
[BlackElo "1705"]

1. e4 e6 2. Qf3 d5 3. d3 d4 4. Nh3 f6 5. Na3 Bxa3 6. bxa3 e5 7. Rb1 c5 8. Qg3
Ne7 9. Qxg7 Rg8 10. Qxh7 Qa5+ 11. Bd2 Qxa3 12. Qh5+ Ng6 13. f3 Nc6 14. Qh7 Be6
15. Qxb7 Rc8 16. g3 Bxa2 17. Qxc8+ Nd8 18. Rb7 Ne7 19. Qd7+ Kf7 20. Qxe7+ Kg6
21. Qh7# 1-0

[Event "AUTO-INT-1623"]
[Site "http://www.queenalice.com/game.php?id=738002"]
[Date "2010.2.26"]
[Round "1"]
[White "limone_br"]
[Black "geosus"]
[Result "1-0"]
[WhiteElo "1652"]
[BlackElo "1462"]

1. d4 d5 2. c4 Nf6 3. e3 a6 4. c5 e6 5. Nf3 Be7 6. b4 Nc6 7. a3 Ne4 8. Nbd2 Bh4
9. g3 Bg5 10. Bd3 O-O 11. Bxe4 dxe4 12. Nxe4 Bh6 13. Qd3 e5 14. h4 Bg4 15. Nfg5
exd4 16. exd4 Re8 17. O-O f6 18. Nxf6+ Qxf6 19. f3 Bf5 20. Ne4 Bxe4 21. fxe4 Qg6
22. Bxh6 Qxh6 23. Qc4+ Re6 24. d5 Ne5 25. Qb3 Rg6 26. d6+ Kh8 27. dxc7 Rf6 28.
Qd5 Qe3+ 29. Kg2 Qe2+ 30. Kg1 Nf3+ 31. Rxf3 Rxf3 32. Qd8+ Rf8 33. Rd1 Qf2+ 34.
Kh1 Rc8 35. Qxc8 Rxc8 36. Rd8+ Qf8 37. Rxf8+ Rxf8 38. a4 Rc8 39. b5 axb5 40.
axb5 Rxc7 41. e5 Rxc5 42. e6 Rxb5 43. Kg2 Re5 44. Kf3 Rxe6 45. Kf4 b5 46. Kf5
Rf6+ 47. Ke5 b4 48. Kd4 b3 49. Kc3 Rb6 50. g4 b2 51. g5 b1=Q 52. h5 Qb3+ 53. Kd4
Qd1+ 54. Kc5 Qd6+ 55. Kc4 Qb4+ 56. Kd5 Rb5+ 57. Ke6 1-0

[Event "AUTO-INT-1623"]
[Site "http://www.queenalice.com/game.php?id=738011"]
[Date "2010.2.26"]
[Round "1"]
[White "limone_br"]
[Black "faelgalodoido"]
[Result "1-0"]
[WhiteElo "1683"]
[BlackElo "1453"]

1. d4 e6 2. c4 Qf6 3. e3 Bb4+ 4. Nc3 Nh6 5. Ne2 Ng4 6. f3 Nh6 7. a3 Bxc3+ 8.
Nxc3 a6 9. g4 Ng8 10. c5 b6 11. cxb6 cxb6 12. Ne4 Qh4+ 13. Ng3 g6 14. e4 h5 15.
g5 Nc6 16. d5 exd5 17. Qxd5 Bb7 18. Bc4 Rh7 19. Be3 O-O-O 20. Qd6 Na5 21. Rc1
Nxc4 22. Rxc4+ Bc6 23. Bxb6 Kb7 24. Qc7+ 1-0

[Event "AUTO-INT-1623"]
[Site "http://www.queenalice.com/game.php?id=738012"]
[Date "2010.2.26"]
[Round "1"]
[White "faelgalodoido"]
[Black "limone_br"]
[Result "0-1"]
[WhiteElo "1427"]
[BlackElo "1690"]

1. e4 e6 2. Qf3 d5 3. Nc3 a6 4. a3 d4 5. Na4 e5 6. h3 Nf6 7. Bc4 b5 8. Bxb5+
axb5 9. Qf5 Bxf5 10. exf5 bxa4 11. d3 e4 12. dxe4 Nxe4 13. f3 Ng3 14. Rh2 Qe7+
15. Kd2 Nf1+ 16. Kd3 Nxh2 17. Kxd4 Qc5+ 18. Kd3 Qxg1 19. g4 Nxf3 20. Ke4 Qg2 21.
Bf4 Ra5 22. Bxc7 Ng5+ 23. Kd4 Rd5+ 24. Kc4 Qe4+ 25. Kc3 Qd4# 0-1

[Event "Challenge"]
[Site "http://www.queenalice.com/game.php?id=745615"]
[Date "2010.3.13"]
[Round "-"]
[White "limone_br"]
[Black "thomas01"]
[Result "1-0"]
[WhiteElo "1695"]
[BlackElo "1312"]

1. d4 c5 2. e3 e6 3. c4 d5 4. Nc3 Nf6 5. Nf3 Nc6 6. Ne5 Bd6 7. Nxc6 bxc6 8. Bd3
cxd4 9. exd4 e5 10. Be2 Ba6 11. c5 Bc7 12. Bxa6 Rb8 13. Qe2 Qe7 14. dxe5 Bxe5
15. O-O d4 16. Ne4 O-O 17. Nxf6+ Qxf6 18. Qg4 h6 19. Bd3 a5 20. f4 Bd6 21. cxd6
Rbd8 22. d7 Qd6 23. f5 1-0

[Event "AUTO-INT-1665"]
[Site "http://www.queenalice.com/game.php?id=757108"]
[Date "2010.4.6"]
[Round "1"]
[White "fredofm"]
[Black "limone_br"]
[Result "1/2-1/2"]
[WhiteElo "1392"]
[BlackElo "1730"]

1. d4 d5 2. Bf4 e6 3. e4 c5 4. Bxb8 Rxb8 5. dxc5 Bxc5 6. exd5 exd5 7. Nc3 Qf6 8.
Qe2+ Be6 9. Nxd5 Qf5 10. Nc7+ Ke7 11. O-O-O Rc8 12. Nxe6 fxe6 13. Nf3 h6 14. Qd3
Nf6 15. Qxf5 exf5 16. Re1+ Kf7 17. Bc4+ Kg6 18. Nh4+ Kh7 19. Nxf5 Bxf2 20. Ref1
Ne4 21. Bd3 g6 22. Bxe4 gxf5 23. Bxf5+ Kg7 24. Rxf2 Rhf8 25. Bxc8 Rxf2 26. Bxb7
1/2-1/2

[Event "AUTO-INT-1665"]
[Site "http://www.queenalice.com/game.php?id=757109"]
[Date "2010.4.6"]
[Round "1"]
[White "limone_br"]
[Black "fredofm"]
[Result "1-0"]
[WhiteElo "1727"]
[BlackElo "1395"]

1. d4 d6 2. e3 Nc6 3. c4 Nf6 4. Bd3 Bg4 5. Nf3 Bxf3 6. Qxf3 e6 7. O-O Nb4 8. e4
Nxd3 9. Qxd3 d5 10. e5 Ne4 11. c5 Nxf2 12. Rxf2 c6 13. Nd2 g6 14. Nf3 b6 15. Ng5
bxc5 16. Rxf7 Bh6 17. Qa6 Rb8 18. Qxc6+ Qd7 19. Qxd7# 1-0

[Event "AUTO-INT-1665"]
[Site "http://www.queenalice.com/game.php?id=757124"]
[Date "2010.4.6"]
[Round "1"]
[White "code_5541"]
[Black "limone_br"]
[Result "0-1"]
[WhiteElo "1675"]
[BlackElo "1713"]

1. e4 e5 2. Nf3 Nc6 3. Bc4 Nf6 4. d3 h6 5. h3 Bc5 6. Nc3 O-O 7. O-O Nd4 8. Be3
Nxf3+ 9. Qxf3 Be7 10. Nd5 c6 11. Nxe7+ Qxe7 12. c3 d5 13. exd5 cxd5 14. Bxd5
Nxd5 15. Qxd5 Rd8 16. Qe4 Qf6 17. Rad1 Bf5 18. Qxb7 Bxd3 19. Rfe1 Rab8 20. Qxa7
Rxb2 21. Bc1 Rc2 22. Qc5 Rd4 23. Rd2 Rc4 24. Qe3 R4xc3 25. Rxd3 Rxd3 0-1

[Event "AUTO-INT-1665"]
[Site "http://www.queenalice.com/game.php?id=757125"]
[Date "2010.4.6"]
[Round "1"]
[White "limone_br"]
[Black "code_5541"]
[Result "1-0"]
[WhiteElo "1697"]
[BlackElo "1691"]

1. d4 d5 2. c4 c6 3. c5 Bf5 4. e3 e6 5. Nc3 b6 6. b4 a5 7. b5 bxc5 8. dxc5 Bxc5
9. Nf3 Ne7 10. Ne5 f6 11. Nd3 Bb4 12. Bb2 O-O 13. Qa4 Qb6 14. Nxb4 cxb5 15. Bxb5
Na6 16. Nxa6 Rxa6 17. Bxa6 Qxa6 18. Qd7 Qb6 19. Ba3 Rc8 20. Qxe7 Qd8 21. Qxd8+
Rxd8 22. O-O e5 23. Rfd1 Be6 24. Nb5 1-0

[Event "AUTO-INT-1665"]
[Site "http://www.queenalice.com/game.php?id=757136"]
[Date "2010.4.6"]
[Round "1"]
[White "limone_br"]
[Black "yak1403"]
[Result "0-1"]
[WhiteElo "1716"]
[BlackElo "1455"]

1. d4 e6 2. c4 c6 3. e3 g6 4. c5 h5 5. Nf3 b5 6. b4 a5 7. Bd2 axb4 8. Bxb4 Na6
9. Qd2 Nf6 10. Bd3 Nd5 11. Ba5 Nac7 12. O-O f6 13. Nc3 Rxa5 14. Nh4 g5 15. Ng6
Rg8 16. a3 Ba6 17. Nxd5 Nxd5 18. Qd1 g4 19. f3 Nxe3 20. Qe2 Nxf1 21. Rxf1 Rxa3
22. fxg4 hxg4 23. Bf5 Kf7 24. Bxe6+ dxe6 25. Ne5+ Ke8 26. Nxc6 Qd5 27. Nb4 Qd7
28. Rxf6 Qxd4+ 29. Kh1 Qxf6 30. g3 Qf3+ 0-1

[Event "AUTO-INT-1665"]
[Site "http://www.queenalice.com/game.php?id=757137"]
[Date "2010.4.6"]
[Round "1"]
[White "yak1403"]
[Black "limone_br"]
[Result "1-0"]
[WhiteElo "1481"]
[BlackElo "1690"]

1. d3 d5 2. f3 e6 3. g4 c5 4. b3 d4 5. h4 e5 6. e4 Nc6 7. c4 h5 8. g5 f6 9. f4
Bg4 10. Be2 exf4 11. Bxf4 Bxe2 12. Nxe2 fxg5 13. Bxg5 Be7 14. Na3 a6 15. Nf4 Qd6
16. Rf1 Nf6 17. Ng6 Qg3+ 18. Kd2 Nb4 19. Qf3 Qxf3 20. Rxf3 Rg8 21. Nc2 Kf7 22.
Ne5+ Ke6 23. Ng6 Rge8 24. Nxb4 cxb4 25. Bxf6 Bxf6 26. Re1 Kf7 27. Nf4 g6 28. Nd5
Rac8 29. Rxf6+ Kg7 30. Rg1 Kh7 31. Rfxg6 Rg8 32. Nf6+ 1-0

[Event "Challenge"]
[Site "http://www.queenalice.com/game.php?id=775337"]
[Date "2010.5.14"]
[Round "-"]
[White "limone_br"]
[Black "Famelo"]
[Result "0-1"]
[WhiteElo "1666"]
[BlackElo "1964"]

1. d4 f5 2. c4 Nf6 3. e3 g6 4. Nc3 Bg7 5. Nf3 d6 6. Qb3 O-O 7. Ng5 e6 8. c5 d5
9. e4 Nxe4 10. Ncxe4 fxe4 11. Be3 Nc6 12. Rd1 Nxd4 13. Bxd4 Bxd4 14. Rxd4 Qxg5
15. Qc2 Bd7 16. g3 Rf7 17. f4 exf3 18. Kf2 c6 19. h4 Qf6 20. Rf4 Qe7 21. Rxf3
Rxf3+ 22. Kxf3 Rf8+ 23. Ke3 e5 24. Be2 Bf5 25. Qc1 d4+ 26. Kd2 Be6 27. b3 e4 28.
Bc4 Rf2+ 29. Ke1 e3 30. Rf1 Rxf1+ 31. Bxf1 Qc7 32. Qa3 Qxg3+ 33. Kd1 Bg4+ 34.
Be2 d3 35. Bxg4 Qg1# 0-1

[Event "AUTO-OPEN-1977"]
[Site "http://www.queenalice.com/game.php?id=775754"]
[Date "2010.5.14"]
[Round "1"]
[White "sadalajorge"]
[Black "limone_br"]
[Result "1-0"]
[WhiteElo "1513"]
[BlackElo "1673"]

1. e4 e6 2. Nf3 d5 3. Nc3 dxe4 4. Nxe4 f5 5. Nc3 Nc6 6. Bb5 Bd7 7. O-O Bd6 8. d4
Nf6 9. Bg5 a6 10. Ba4 b5 11. Bb3 h6 12. Bxf6 Qxf6 13. Re1 e5 14. d5 Ne7 15. g3
f4 16. Ne4 Qf7 17. Nxd6+ cxd6 18. Nxe5 dxe5 19. d6 Be6 20. Rxe5 fxg3 21. hxg3
O-O 22. Bxe6 Ng6 23. Bxf7+ Rxf7 24. Qd5 Rf8 25. Rf5 Nh8 26. d7 Kh7 27. Re1 Rxf5
28. Qd3 Ng6 29. d8=Q Rxf2 30. Q8d5 R8f6 31. c4 Rxb2 32. Rf1 bxc4 33. Q3xc4 Rb8
34. Rxf6 gxf6 35. Qf7+ Kh8 36. Qxf6+ Kh7 37. Qcf7# 1-0

[Event "AUTO-OPEN-1977"]
[Site "http://www.queenalice.com/game.php?id=775755"]
[Date "2010.5.14"]
[Round "1"]
[White "limone_br"]
[Black "sadalajorge"]
[Result "0-1"]
[WhiteElo "1660"]
[BlackElo "1458"]

1. d4 Nf6 2. c4 g6 3. Nc3 Bg7 4. e3 O-O 5. Nf3 d6 6. e4 c5 7. d5 Na6 8. a3 e6 9.
Bg5 Qb6 10. Nb5 Nxe4 11. Be7 Re8 12. Bxd6 Nxd6 13. Nxd6 Qxd6 14. Bd3 exd5+ 15.
Be2 Bxb2 16. Ra2 Bd4 17. Nxd4 cxd4 18. Qxd4 Be6 19. O-O Nc5 20. Rb2 Rad8 21. Rc1
dxc4 22. Qxd6 Rxd6 23. h3 Nd3 24. Bxd3 cxd3 25. Rxb7 Bd5 26. Rxa7 d2 27. Rf1 Re1
28. Rc7 Rxf1+ 29. Kxf1 d1=Q# 0-1

[Event "AUTO-OPEN-1977"]
[Site "http://www.queenalice.com/game.php?id=775778"]
[Date "2010.5.14"]
[Round "1"]
[White "limone_br"]
[Black "Acuario_72"]
[Result "0-1"]
[WhiteElo "1666"]
[BlackElo "1717"]

1. d4 g6 2. e3 Bg7 3. c4 e6 4. Nc3 b6 5. Nf3 Bb7 6. e4 Ne7 7. Bg5 O-O 8. d5 e5
9. Be2 d6 10. O-O f6 11. Bh4 g5 12. Bxg5 fxg5 13. Nxg5 Ng6 14. g3 Qxg5 15. Nb5
Rf7 16. f3 Nf4 17. g4 Qh4 18. Rf2 Nh3+ 0-1

[Event "AUTO-OPEN-1977"]
[Site "http://www.queenalice.com/game.php?id=775779"]
[Date "2010.5.14"]
[Round "1"]
[White "Acuario_72"]
[Black "limone_br"]
[Result "0-1"]
[WhiteElo "1713"]
[BlackElo "1673"]

1. g3 e5 2. Bg2 d5 3. e3 Nf6 4. Ne2 Bg4 5. f3 Be6 6. b3 Bb4 7. c3 Bd6 8. O-O O-O
9. Bb2 Nc6 10. f4 e4 11. d4 Ng4 12. c4 Nxe3 13. Qd2 Nxf1 14. Bxf1 dxc4 15. d5
Bc5+ 16. Bd4 Qxd5 17. bxc4 Bxd4+ 18. Nxd4 Qxd4+ 19. Qxd4 Nxd4 20. Na3 a6 21. Kf2
Rfe8 22. Re1 Bg4 23. h4 Rad8 24. c5 Nf3 25. Re3 Rd2+ 26. Be2 Nd4 27. Nc4 Rxe2+
28. Rxe2 Bxe2 29. Na5 Bg4 30. Nxb7 e3+ 31. Ke1 Nc2+ 0-1

[Event "AUTO-OPEN-1977"]
[Site "http://www.queenalice.com/game.php?id=775780"]
[Date "2010.5.14"]
[Round "1"]
[White "limone_br"]
[Black "AlekinePb"]
[Result "1-0"]
[WhiteElo "1662"]
[BlackElo "972"]

1. d4 Nf6 2. c4 g6 3. e3 d6 4. Nc3 Bg7 5. Nf3 O-O 6. Bd3 Bg4 7. h3 Bxf3 8. Qxf3
c6 9. O-O Qc7 10. e4 Nbd7 11. d5 cxd5 12. exd5 Ne5 13. Qe2 Rac8 14. b3 Nfd7 15.
Ba3 a6 16. Bb2 Nc5 17. Be4 f5 18. Bf3 1-0

[Event "AUTO-OPEN-1977"]
[Site "http://www.queenalice.com/game.php?id=775781"]
[Date "2010.5.14"]
[Round "1"]
[White "AlekinePb"]
[Black "limone_br"]
[Result "0-1"]
[WhiteElo "970"]
[BlackElo "1664"]

1. d4 d5 2. Nf3 e6 3. Bf4 Be7 4. e3 g5 5. Bg3 Nd7 6. h3 h5 7. c4 h4 8. Bh2 c5 9.
Be2 Nb6 10. cxd5 Nxd5 11. O-O cxd4 12. Nxd4 Bf6 13. Na3 a6 14. Rc1 Qb6 15. Nc4
Qb4 16. a3 Qc5 17. Bf3 b5 0-1

[Event "AUTO-INT-1623"]
[Site "http://www.queenalice.com/game.php?id=796477"]
[Date "2010.6.29"]
[Round "2"]
[White "limone_br"]
[Black "sandromm"]
[Result "0-1"]
[WhiteElo "1679"]
[BlackElo "1765"]

1. e3 Nf6 2. d4 g6 3. c4 Bg7 4. Nc3 O-O 5. h3 d6 6. e4 c6 7. Nf3 b6 8. e5 dxe5
9. Nxe5 Bb7 10. Qf3 Qxd4 11. Nd3 Qxc4 12. Ne5 Qc5 13. Qg3 Nh5 14. Qg5 Bxe5 15.
Ne4 Qa5+ 16. Bd2 Qd5 17. Nc3 Qe6 18. Be2 Bf6 19. Qe3 Qxe3 20. Bxe3 c5 21. O-O
Nd7 22. Bxh5 gxh5 23. Bh6 Bg7 24. Bxg7 Kxg7 25. Rad1 Nf6 26. Rfe1 e6 27. Ne2 Kh8
28. Nf4 Rg8 29. Re5 Nd5 30. Nxh5 Rg6 31. Rd3 Nb4 32. Rd7 Bd5 33. Rxf7 Rxg2+ 34.
Kf1 Rag8 35. Ng3 Nd3 36. Re3 Nxb2 37. Ke1 Rg1+ 38. Kd2 Nc4+ 0-1

[Event "AUTO-INT-1623"]
[Site "http://www.queenalice.com/game.php?id=796478"]
[Date "2010.6.29"]
[Round "2"]
[White "sandromm"]
[Black "limone_br"]
[Result "1-0"]
[WhiteElo "1780"]
[BlackElo "1691"]

1. e4 e5 2. Nf3 Nc6 3. Bb5 Bd6 4. O-O a6 5. Bxc6 dxc6 6. d4 Qe7 7. dxe5 Bxe5 8.
Nc3 Bxc3 9. bxc3 Qxe4 10. Re1 Qxe1+ 11. Qxe1+ Be6 12. Nd4 Ne7 13. Nxe6 fxe6 14.
Qxe6 h6 15. Ba3 c5 16. Bxc5 Kd8 17. Bxe7+ Ke8 18. Bf6+ Kf8 19. Qe7+ Kg8 20.
Qxg7# 1-0